01698nam a2200385 a 4500001001000000003000500010005001700015008004100032010001100073011001100084040000900095090001000104100003800114245017300152260004100325500006000366502010900426590003700535590004100572590004000613590004000653590004000693650004800733650005200781650003800833650004700871856001600918856007000934901000701004942001001011942000601021999001901027952013101046952013501177000113907CHAP20220329144418.0171005s2017 mx sm |||||||spa d a110368 a111340 cCHAP aTesis1 aCalvario Terrero, Gerardo913365010aDiagnóstico y control del agente causal de la necrosis del tallo en crisantemo [Dendranthema gradiflorum (Ramat.) Kitam.]h[En línea]cpor Gerardo Calvario Terrero. aChapingo, Méx. :bEl autor,c2017. aPara ver el contenido del material haga clic en la liga aTesis (Ing. Agr. Esp. en Parasitología Agrícola) -- UACH. Departamento de Parasitología Agrícola aBATCHb00c20181121lUCH01h0759 aE11695DGDb10c20171006lUCH01h1156 aE6339RRRb05c20171005lUCH01h1416 aE6339RRRb05c20171005lUCH01h1417 aE6339RRRb05c20171005lUCH01h141814aCrisantemoxEnfermedades por hongos.92895114aCrisantemoxFisiología y morfología.92895414aFungicidasxAplicación.912660414aSclerotinia sclerotiorumxControl.9133649 a1 n0001143 aFinding aiduhttp://10.13.5.2/tesis/sist113907.pdfzTeclea aquí aBK cTESIS n0 c110368d110368 00104054718TESISaBCbBCd2017-10-05fTESISl0oTesisp113909-10r2019-12-31 00:00:00w2019-12-31yTESISzRecien adquirido 00102local4053708TESISaBCbBCcPA_TESISd2017-10-05fTESISl0oTesisp113909-20r2019-12-31 00:00:00tc.2w2019-12-31yTESIS